Adverse possession: acknowledgement of title (Record no. 66091)

MARC details
000 -LEADER
fixed length control field 00996cam a2200193 4500
001 - CONTROL NUMBER
control field X110863
008 - FIXED-LENGTH DATA ELEMENTS--GENERAL INFORMATION
fixed length control field 000000n2000 000 0 eng u
035 ## - SYSTEM CONTROL NUMBER
System control number (Sirsi) u110863
245 ## - TITLE STATEMENT
Title Adverse possession: acknowledgement of title
260 ## - PUBLICATION, DISTRIBUTION, ETC.
Date of publication, distribution, etc. 2000
490 ## - SERIES STATEMENT
Series statement Estates Gazette Case Summaries
Volume/sequential designation [2000] EGCS 148 (16/12/2000)
520 ## - SUMMARY, ETC.
Summary, etc. "Archangel v Lambeth LBC", CA 1 December 2000. Limitation Act 1980 S29 - Squatter defending claim for possession of council-owned house - squatter relying on 14 years' adverse possession - council claiming that title acknowledged by letter written six years before issue of proceedings - whether house sufficiently identified by letter - whether extrinsic evidence admissible for purpose of identification. TAKEN FROM JOURNAL HEADNOTE.
650 ## - SUBJECT ADDED ENTRY--TOPICAL TERM
Topical term or geographic name entry element ADVERSE POSSESSION
650 ## - SUBJECT ADDED ENTRY--TOPICAL TERM
Topical term or geographic name entry element ARCHANGEL V LAMBETH LBC
650 ## - SUBJECT ADDED ENTRY--TOPICAL TERM
Topical term or geographic name entry element LIMITATION ACT 1980 S29
650 ## - SUBJECT ADDED ENTRY--TOPICAL TERM
Topical term or geographic name entry element ACKNOWLEDGEMENT OF TITLE
690 ## - LOCAL SUBJECT ADDED ENTRY--TOPICAL TERM (OCLC, RLIN)
Topical term or geographic name as entry element PROPERTY AND LAND LAW-CASE LAW
942 ## - ADDED ENTRY ELEMENTS (KOHA)
Suppress in OPAC 0
Holdings
Withdrawn status Lost status Source of classification or shelving scheme Damaged status Not for loan Home library Current library Shelving location Date acquired Total Checkouts Full call number Barcode Date last seen Copy number Price effective from Koha item type
    Dewey Decimal Classification     London London News article 09/02/2001   X110863 110863-1001 06/08/2019 1 06/08/2019 Law report